01074nas a2200277Ia 4500001002300000003001000023008004100033040002500074041001300099100002300112210002600135222002600161245006100187250001100248260000900259501012300268300001400391362004000405500009000445650003000535700001100565942000700576957000600583999003200589952017500621dg34-1809 [d000001901]IT-MiCISF161014c99999999xx |||||||||||| ||und|| aIT-MiCISFcIT-MiCISF aITALIANO aLodigiani Stefano  aArmonie di anni verdi aArmonie di anni verdi 0aDossier bambini. Adozioni Guatemala, Mauritania, Romania a1a ed. c1993 bCISF - Centro Internazionale Studi Famiglia - Via Giotto, 36 20145 MILANO (non commercial uses only)cCopyright 2016 app. 14-22 a n. 11-12, novembre-dicembre [1993] aNoviello E., Atzori A., Gianniti M.R. Tema: adozione-internazionale, adozione, single aADOZIONE, AFFIDOvdossier aAA.VV. cCR 71 a1809bSig1c218855d218855 0010406DG_341809_D00000190171aCISFbCISFd2016-10-14l0odg34-1809 [d000001901]r2016-10-14 00:00:00w2016-10-14yCRzData import 15.10.2016 / by Epidotti, Vaglietti